<?xml version="1.0" encoding="UTF-8"?>
<record
    xmlns:xsi="http://www.w3.org/2001/XMLSchema-instance"
    xsi:schemaLocation="http://www.loc.gov/MARC21/slim http://www.loc.gov/standards/marcxml/schema/MARC21slim.xsd"
    xmlns="http://www.loc.gov/MARC21/slim">

  <leader>01170nam a2200265 i 4500</leader>
  <controlfield tag="001">65854</controlfield>
  <controlfield tag="003">ES-MaACL</controlfield>
  <controlfield tag="005">20250927134912.0</controlfield>
  <controlfield tag="007">t|</controlfield>
  <controlfield tag="008">040122s1932    sp           ||||1| spa d</controlfield>
  <datafield tag="245" ind1="0" ind2="0">
    <subfield code="a">Fuero de Madrid / </subfield>
    <subfield code="c">[por Galo S&#xE1;nchez ; texto y transcripci&#xF3;n por Agust&#xED;n Millares Carlo ; glosario por Rafael Lapesa].</subfield>
  </datafield>
  <datafield tag="260" ind1=" " ind2=" ">
    <subfield code="a">Madrid : </subfield>
    <subfield code="b">[s.n.], </subfield>
    <subfield code="c">1932 (</subfield>
    <subfield code="f">Artes Gr&#xE1;f. Municipales)</subfield>
  </datafield>
  <datafield tag="300" ind1=" " ind2=" ">
    <subfield code="a">73 p., [64] p. de l&#xE1;m. : </subfield>
    <subfield code="b">il. col. ; </subfield>
    <subfield code="c">32 cm.</subfield>
  </datafield>
  <datafield tag="490" ind1="1" ind2=" ">
    <subfield code="a">Publicaciones del Archivo de Villa</subfield>
  </datafield>
  <datafield tag="505" ind1="8" ind2=" ">
    <subfield code="a">Contiene: Introducci&#xF3;n / por Pedro Rico L&#xF3;pez. El Fuero de Madrid y los derechos locales castellanos / por Galo S&#xE1;nchez. Texto / transcripci&#xF3;n por Agust&#xED;n Millares Carlo. Glosario / por Rafael Lapesa</subfield>
  </datafield>
  <datafield tag="650" ind1="0" ind2="4">
    <subfield code="a">Fueros-</subfield>
    <subfield code="z">Madrid.</subfield>
    <subfield code="9">12992</subfield>
  </datafield>
  <datafield tag="700" ind1="1" ind2=" ">
    <subfield code="a">Rico L&#xF3;pez, Pedro.</subfield>
    <subfield code="9">97030</subfield>
  </datafield>
  <datafield tag="700" ind1="1" ind2=" ">
    <subfield code="a">S&#xE1;nchez, Galo, </subfield>
    <subfield code="d">1892-1969</subfield>
    <subfield code="9">102368</subfield>
  </datafield>
  <datafield tag="700" ind1="1" ind2=" ">
    <subfield code="a">Millares Carlo, Agust&#xED;n,</subfield>
    <subfield code="d">1893-1980</subfield>
    <subfield code="9">81176</subfield>
  </datafield>
  <datafield tag="700" ind1="0" ind2=" ">
    <subfield code="a">Lapesa, Rafael, </subfield>
    <subfield code="d">1908-2001</subfield>
    <subfield code="9">70146</subfield>
  </datafield>
  <datafield tag="710" ind1="2" ind2=" ">
    <subfield code="a">Archivo de Villa (Madrid)</subfield>
    <subfield code="9">1427</subfield>
  </datafield>
  <datafield tag="830" ind1="1" ind2=" ">
    <subfield code="a">Publicaciones del Archivo de Villa</subfield>
    <subfield code="9">226753</subfield>
  </datafield>
  <datafield tag="852" ind1=" " ind2=" ">
    <subfield code="a">ES-MaACL</subfield>
    <subfield code="j">F-14509</subfield>
  </datafield>
  <datafield tag="999" ind1=" " ind2=" ">
    <subfield code="c">65854</subfield>
    <subfield code="d">65854</subfield>
  </datafield>
  <datafield tag="952" ind1=" " ind2=" ">
    <subfield code="0">0</subfield>
    <subfield code="1">0</subfield>
    <subfield code="4">0</subfield>
    <subfield code="7">0</subfield>
    <subfield code="a">ATENEOM</subfield>
    <subfield code="b">ATENEOM</subfield>
    <subfield code="c">SPP2</subfield>
    <subfield code="d">2008-01-17</subfield>
    <subfield code="e">SC</subfield>
    <subfield code="l">0</subfield>
    <subfield code="o">F-14509</subfield>
    <subfield code="p">1068991</subfield>
    <subfield code="r">2023-02-23 00:00:00</subfield>
    <subfield code="w">2023-02-23</subfield>
    <subfield code="y">MONOGRAFIA</subfield>
  </datafield>
</record>
